000 00602nam a2200217Ia 4500
005 20250508162706.0
008 008 250505s9999 xx 000 0 eng d
020 _a0-8039-9589-X
037 _aTextBook
040 _aFEDL
_beng
_cFEDL
041 _aeng
_2eng
084 _a370.19, KRI
_qFEDL
100 _aKrishna Kumar
245 0 _aSocial character of learning
260 _aNew Delhi, India
_bSage Publications
_c1989
300 _a140p
365 _aINR
_b125
650 _aEducation; Education - Learning
_9773828
942 _cTB
_h370.19, KRI
999 _c1378085
_d1378085